An introduction to turkology

Elmentve itt :
Bibliográfiai részletek
Szerző: Róna-Tas András
Dokumentumtípus: Könyv
Megjelent: Universitas Szegediensis de Attila József nominata Szeged 1991
Sorozat:Studia uralo-altaica 33
Kulcsszavak:Turkológia, Török nyelvek története, Írás története - keleti
Tárgyszavak:
Online Access:http://acta.bibl.u-szeged.hu/38749
LEADER 00802nam a2200217 i 4500
001 acta38749
005 20230508151655.0
008 161201s1991 hu o 0|| eng d
020 |a 963 481 876 5 
022 |a 0133-4239 
040 |a SZTE Egyetemi Kiadványok Repozitórium  |b hun 
041 |a eng 
100 2 |a Róna-Tas András 
245 1 3 |a An introduction to turkology  |h [elektronikus dokumentum] /  |c  Róna-Tas András 
260 |a Universitas Szegediensis de Attila József nominata  |b Szeged  |c 1991 
300 |a 170 p.  |c 24 cm 
490 0 |a Studia uralo-altaica  |v 33 
650 4 |a Bölcsészettudományok 
650 4 |a Nyelvek és irodalom 
695 |a Turkológia, Török nyelvek története, Írás története - keleti 
856 4 0 |u http://acta.bibl.u-szeged.hu/38749/1/altaica_033.pdf  |z Dokumentum-elérés